Normal view
MARC view
Entry Personal Name
001 - CONTROL NUMBER
- control field: 25430
003 - CONTROL NUMBER IDENTIFIER
- control field: dpl
005 - DATE AND TIME OF LATEST TRANSACTION
- control field: 20110121104125.0
008 - FIXED-LENGTH DATA ELEMENTS
- fixed length control field: 110121|||a|||||| | ||| d
040 ## - CATALOGING SOURCE
- Original cataloging agency: dpl
- Transcribing agency: dpl
100 ## - HEADING--PERSONAL NAME
- Personal name: Nixon, Robin
- Dates associated with a name: 1961-
670 ## - SOURCE DATA FOUND
- Source citation: Work cat.: (dpl)0: Nixon, Robin 1961-, Plug-in Javascript 100 power solutions /, 2011
670 ## - SOURCE DATA FOUND
- Source citation: Work cat.: (dpl)0: Nixon, Robin 1961-, Plug-in Javascript 100 power solutions /, 2011
